[Event "Krakow op-A"]
[Site "Krakow"]
[Date "2005.12.29"]
[Round "3"]
[White "Krawczyk, Andrzej"]
[Black "Mickiewicz, Piotr"]
[Result "0-1"]
[WhiteElo "2133"]
[BlackElo "2326"]
[PlyCount "114"]
[EventDate "2005.12.27"]
[EventType "swiss"]
[EventRounds "9"]
[EventCountry "POL"]
[SourceTitle "CBM 110 Extra"]
[Source "ChessBase"]
[SourceDate "2006.03.10"]
[SourceVersion "2"]
[SourceVersionDate "2006.03.10"]
[SourceQuality "1"]

1. e4 c5 2. Nc3 Nc6 3. g3 g6 4. Bg2 Bg7 5. d3 Rb8 6. a4 a6 7. Be3 d6 8. Nge2 b5 9. axb5 axb5 10. Qd2 b4 11. Nd1 Nf6 12. h3 0-0 13. 0-0 Bb7 14. f4 Ra8 15. Rxa8 Qxa8 16. g4 Nd7 17. Ng3 Qa1 18. e5 dxe5 19. f5 Qa8 20. Nf2 e4 21. Nfxe4 Bxb2 22. Nxc5 Nxc5 23. Bxc5 Bd4+ 24. Bxd4 Nxd4 25. Ne4 Bxe4 26. dxe4 Qa7 27. Kh1 Qc5 28. Qf2 e5 29. fxe6 fxe6 30. Qd2 Rxf1+ 31. Bxf1 Qc3 32. Qg5 Qf3+ 33. Bg2 Qd1+ 34. Kh2 Ne2 35. Qc5 Qd2 36. Qc8+ Kg7 37. Qc7+ Kh6 38. Qc5 Qf4+ 39. Kh1 Qc1+ 40. Kh2 Qf4+ 41. Kh1 Ng3+ 42. Kg1 e5 43. Qc4 Kg5 44. Qd3 Kh4 45. Qd8+ g5 46. Qd3 h6 47. Qa6 Nxe4 48. Qe2 Ng3 49. Qe1 e4 50. Kh2 e3 51. Kg1 Qd4 52. Kh2 Qe5 53. Bf3 Qd6 54. Bd5 Qf4 55. Kg2 Qc7 56. Be4 Qd6 57. Qxe3 Qe5 0-1

[Event "Stare Mesto op"]
[Site "Stare Mesto"]
[Date "2004.08.21"]
[Round "10"]
[White "Valenta, Vit"]
[Black "Krawczyk, Andrzej"]
[Result "1/2-1/2"]
[WhiteElo "2182"]
[BlackElo "2002"]
[PlyCount "83"]
[EventDate "2004.08.13"]
[EventType "swiss"]
[EventRounds "10"]
[EventCountry "CZE"]
[SourceTitle "EXT 2006"]
[Source "ChessBase"]
[SourceDate "2005.11.24"]
[SourceVersion "1"]
[SourceVersionDate "2005.11.24"]
[SourceQuality "1"]

1. e4 e6 2. d4 d5 3. Nc3 dxe4 4. Nxe4 Nd7 5. Nf3 Ngf6 6. Nxf6+ Nxf6 7. Bf4 Bd6 8. Bxd6 cxd6 9. Bd3 0-0 10. 0-0 b6 11. Re1 Bb7 12. c3 Qd7 13. Re3 Nd5 14. Re4 f5 15. Re1 Nf4 16. Bf1 Rae8 17. g3 Qc6 18. gxf4 Qxf3 19. Qxf3 Bxf3 20. Bb5 Re7 21. Re3 Bb7 22. Rae1 Rf6 23. Bc4 Kf7 24. d5 Bc8 25. Kf1 Rh6 26. h3 Rh4 27. dxe6+ Kf6 28. Rd1 Rxf4 29. Bb3 Re4 30. Rxe4 fxe4 31. Rxd6 Bxe6 32. Ke2 Ke5 33. Rxe6+ Rxe6 34. Bxe6 Kxe6 35. Ke3 Ke5 36. c4 a5 37. b3 Kf5 38. a3 Ke5 39. b4 axb4 40. axb4 g6 41. c5 bxc5 42. bxc5 1/2-1/2

[Event "POL-ch U18"]
[Site "Leba"]
[Date "2004.04.02"]
[Round "9"]
[White "Budrewicz, Krzysztof"]
[Black "Krawczyk, Andrzej"]
[Result "1-0"]
[WhiteElo "2130"]
[BlackElo "1956"]
[PlyCount "63"]
[EventDate "2004.03.27"]
[EventType "swiss"]
[EventRounds "11"]
[EventCountry "POL"]
[SourceTitle "EXT 2005"]
[Source "ChessBase"]
[SourceDate "2004.11.15"]
[SourceVersion "1"]
[SourceVersionDate "2004.11.15"]
[SourceQuality "1"]

1. d4 Nf6 2. c4 c5 3. d5 b5 4. Nf3 g6 5. Qc2 d6 6. e4 Bg7 7. Nc3 a6 8. cxb5 0-0 9. a4 Nbd7 10. Be2 axb5 11. Bxb5 Ba6 12. 0-0 Qc7 13. Bg5 h6 14. Bf4 Ng4 15. Nd2 Rfb8 16. Ra3 Bxb5 17. Nxb5 Qd8 18. h3 Nge5 19. Be3 Nf6 20. f4 Ned7 21. Nc4 Nb6 22. b3 Ne8 23. Bd2 Qd7 24. Rd1 Nc8 25. e5 Nc7 26. e6 fxe6 27. Nxc7 Qxc7 28. dxe6 Nb6 29. Qxg6 Qd8 30. Bc3 Qf8 31. Nxb6 Rxb6 32. Rd5 1-0

[Event "POL-chT 2nd League"]
[Site "Wysowa"]
[Date "2003.09.13"]
[Round "10"]
[White "Krawczyk, Andrzej"]
[Black "Plicner, Adam"]
[Result "0-1"]
[WhiteElo "1971"]
[BlackElo "1957"]
[PlyCount "100"]
[EventDate "2003.09.06"]
[EventType "team-swiss"]
[EventRounds "11"]
[EventCountry "POL"]
[SourceTitle "CBM 096 Extra"]
[Source "ChessBase"]
[SourceDate "2003.10.22"]
[SourceVersion "2"]
[SourceVersionDate "2003.10.20"]
[SourceQuality "1"]
[WhiteTeam "Pruszcz Jantar II"]
[BlackTeam "Kielce Fart"]
[WhiteTeamCountry "POL"]
[BlackTeamCountry "POL"]

1. e4 c5 2. Nc3 e6 3. g3 d5 4. exd5 exd5 5. d4 Nf6 6. Bg5 Be7 7. Nge2 0-0 8. Bg2 cxd4 9. Nxd4 Nc6 10. 0-0 h6 11. Be3 Bb4 12. Nce2 Re8 13. h3 Ne4 14. c3 Bf8 15. Re1 Ne5 16. Bf4 Ng6 17. Qc2 Bd6 18. Bxd6 Qxd6 19. Nc1 Bd7 20. Nd3 a5 21. Rad1 Rac8 22. Ne2 Qb6 23. Nef4 Nxf4 24. Nxf4 Nf6 25. Rxe8+ Rxe8 26. Kh2 Bc6 27. b3 Rd8 28. Qd2 Qc5 29. Nd3 Qd6 30. Nf4 Qc5 31. Nxd5 Rxd5 32. Bxd5 Bxd5 33. b4 axb4 34. cxb4 Qc4 35. Rc1 Qxa2 36. Qxa2 Bxa2 37. Rc8+ Kh7 38. Kg2 Bd5+ 39. f3 b5 40. Rc1 Kg6 41. Kf2 Bc4 42. Rb1 Kf5 43. h4 Nd5 44. Rb2 h5 45. Ke1 Ke5 46. Kd2 Kd4 47. g4 hxg4 48. fxg4 Nf6 49. Kc1 Nxg4 50. Rg2 f5 0-1

[Event "POL-chT 2nd League"]
[Site "Wysowa"]
[Date "2003.09.09"]
[Round "5"]
[White "Paprocki, Jaroslaw"]
[Black "Krawczyk, Andrzej"]
[Result "1-0"]
[WhiteElo "2123"]
[BlackElo "1971"]
[PlyCount "69"]
[EventDate "2003.09.06"]
[EventType "team-swiss"]
[EventRounds "11"]
[EventCountry "POL"]
[SourceTitle "CBM 096 Extra"]
[Source "ChessBase"]
[SourceDate "2003.10.22"]
[SourceVersion "2"]
[SourceVersionDate "2003.10.20"]
[SourceQuality "1"]
[WhiteTeam "Torun Torfarm 64"]
[BlackTeam "Pruszcz Jantar II"]
[WhiteTeamCountry "POL"]
[BlackTeamCountry "POL"]

1. d4 Nf6 2. c4 b6 3. Nc3 Bb7 4. Qc2 e6 5. Nf3 c5 6. e4 cxd4 7. Nxd4 Bb4 8. f3 0-0 9. Be3 d5 10. 0-0-0 Bxc3 11. Qxc3 e5 12. Nf5 d4 13. Qe1 Ne8 14. Kb1 Nd6 15. Bxd4 Nxf5 16. Bxe5 Nd7 17. exf5 Re8 18. f4 f6 19. Qd2 Nxe5 20. fxe5 Be4+ 21. Bd3 Qxd3+ 22. Qxd3 Bxd3+ 23. Rxd3 Rxe5 24. g4 Re4 25. h3 Rae8 26. Rc1 R8e7 27. c5 bxc5 28. Rxc5 Kf7 29. Rc8 Re1+ 30. Kc2 R1e2+ 31. Kc3 Rb7 32. Rcd8 a6 33. R3d7+ Rxd7 34. Rxd7+ Re7 35. Rd5 1-0

[Event "POL-ch U16"]
[Site "Bartkowa"]
[Date "2002.??.??"]
[Round "?"]
[White "Krawczyk, Andrzej"]
[Black "Goszczynski, Andrzej"]
[Result "0-1"]
[WhiteElo "2102"]
[BlackElo "2014"]
[PlyCount "44"]
[EventDate "2002.01.??"]
[EventType "swiss"]
[EventRounds "10"]
[EventCountry "POL"]
[SourceTitle "EXT 2005"]
[Source "ChessBase"]
[SourceDate "2004.11.15"]
[SourceVersion "1"]
[SourceVersionDate "2004.11.15"]
[SourceQuality "1"]

1. e4 d5 2. exd5 Qxd5 3. Nc3 Qd6 4. d4 Nf6 5. Nf3 a6 6. Bc4 b5 7. Bb3 Bb7 8. Ne5 e6 9. f3 c5 10. Bf4 Nh5 11. Nxf7 Qxf4 12. Nxh8 Qh4+ 13. Kd2 Qg5+ 14. Ke1 Qxg2 15. Qe2 Qxh1+ 16. Kd2 Nf4 17. Bxe6 Qxa1 18. Bf7+ Kd8 19. Qe8+ Kc7 20. Qxf8 Nd7 21. Qe7 Qg1 22. dxc5 Qxc5 0-1

[Event "Nachod op 8th"]
[Site "Nachod"]
[Date "2002.??.??"]
[Round "4"]
[White "Krawczyk, Andrzej"]
[Black "Kubat, Pavel"]
[Result "1-0"]
[WhiteElo "2102"]
[BlackElo "1895"]
[PlyCount "45"]
[EventDate "2002.??.??"]
[EventType "swiss"]
[EventRounds "9"]
[EventCountry "CZE"]
[SourceTitle "EXT 2007"]
[Source "ChessBase"]
[SourceDate "2006.11.23"]
[SourceVersion "1"]
[SourceVersionDate "2006.11.23"]
[SourceQuality "1"]

1. e4 e5 2. Nf3 Nc6 3. Bc4 Nf6 4. d4 exd4 5. 0-0 d6 6. Nxd4 Nxd4 7. Qxd4 Be6 8. Nc3 Be7 9. Bg5 h6 10. Bh4 0-0 11. Rad1 Nd7 12. Bxe7 Qxe7 13. f4 Nb6 14. Bb3 Rad8 15. f5 c5 16. Qf2 c4 17. Ba4 Nxa4 18. Nxa4 Bd7 19. f6 Qxf6 20. Qxf6 gxf6 21. Nc3 f5 22. Rxd6 fxe4 23. Rfd1 1-0

[Event "Nachod op 8th"]
[Site "Nachod"]
[Date "2002.??.??"]
[Round "8"]
[White "Krawczyk, Andrzej"]
[Black "Nyvlt, Otto"]
[Result "1-0"]
[WhiteElo "2102"]
[BlackElo "1950"]
[PlyCount "81"]
[EventDate "2002.??.??"]
[EventType "swiss"]
[EventRounds "9"]
[EventCountry "CZE"]
[SourceTitle "EXT 2007"]
[Source "ChessBase"]
[SourceDate "2006.11.23"]
[SourceVersion "1"]
[SourceVersionDate "2006.11.23"]
[SourceQuality "1"]

1. e4 Nf6 2. Nc3 d5 3. e5 d4 4. exf6 dxc3 5. fxg7 cxd2+ 6. Qxd2 Qxd2+ 7. Bxd2 Bxg7 8. 0-0-0 Bf5 9. Bc4 0-0 10. Ne2 Nc6 11. Bc3 Bxc3 12. Nxc3 Rad8 13. Rxd8 Rxd8 14. Rd1 Rxd1+ 15. Nxd1 Ne5 16. Ne3 Bg6 17. f4 Nxc4 18. Nxc4 Be4 19. g3 f6 20. a3 Kf7 21. Kd2 e6 22. c3 Ke7 23. Ke3 Bd5 24. Nd2 b6 25. b4 Kd6 26. g4 f5 27. gxf5 exf5 28. Nf1 c5 29. Ng3 Be6 30. Kd3 a6 31. Ke3 Kc6 32. Kd3 Kb5 33. Kc2 cxb4 34. axb4 a5 35. bxa5 bxa5 36. Nf1 a4 37. Ne3 a3 38. c4+ Bxc4 39. Nxf5 Bd3+ 40. Kxd3 a2 41. Nd4+ 1-0

[Event "Nachod op 8th"]
[Site "Nachod"]
[Date "2002.??.??"]
[Round "3"]
[White "Moller, Kamil"]
[Black "Krawczyk, Andrzej"]
[Result "0-1"]
[WhiteElo "1855"]
[BlackElo "2102"]
[PlyCount "96"]
[EventDate "2002.??.??"]
[EventType "swiss"]
[EventRounds "9"]
[EventCountry "CZE"]
[SourceTitle "EXT 2007"]
[Source "ChessBase"]
[SourceDate "2006.11.23"]
[SourceVersion "1"]
[SourceVersionDate "2006.11.23"]
[SourceQuality "1"]

1. e4 e6 2. d4 d5 3. Nd2 dxe4 4. Nxe4 Nd7 5. Nf3 Ngf6 6. Ng3 c5 7. Bg5 h6 8. Bxf6 Nxf6 9. Bb5+ Bd7 10. Bxd7+ Qxd7 11. 0-0 0-0-0 12. c3 cxd4 13. cxd4 Bd6 14. Qe2 Kb8 15. Rfd1 Nd5 16. Ne5 Qe8 17. Qf3 f5 18. Nxf5 Bxe5 19. dxe5 Rf8 20. Nxg7 Qe7 21. Qg4 Rg8 22. Qxe6 Rxg7 23. Qxe7 Rxe7 24. f4 Kc8 25. Rac1+ Rc7 26. Rxc7+ Kxc7 27. g3 Ne3 28. Rc1+ Kd7 29. Re1 Nc2 30. Rc1 Ne3 31. h3 Rc8 32. Re1 Nd5 33. Re2 Ke6 34. Kf2 h5 35. Kf3 Rc1 36. Rd2 Re1 37. a3 Re3+ 38. Kf2 Rb3 39. Re2 h4 40. f5+ Kxf5 41. e6 hxg3+ 42. Ke1 Kf6 43. h4 Re3 44. Kf1 Rxe2 45. Kxe2 Nf4+ 46. Kf3 g2 47. Kf2 Kxe6 48. h5 Kf6 0-1

[Event "POL-ch U16"]
[Site "Bartkowa"]
[Date "2002.??.??"]
[Round "?"]
[White "Skurski, Jan"]
[Black "Krawczyk, Andrzej"]
[Result "1-0"]
[WhiteElo "2088"]
[BlackElo "2102"]
[PlyCount "73"]
[EventDate "2002.01.??"]
[EventType "swiss"]
[EventRounds "10"]
[EventCountry "POL"]
[SourceTitle "EXT 2005"]
[Source "ChessBase"]
[SourceDate "2004.11.15"]
[SourceVersion "1"]
[SourceVersionDate "2004.11.15"]
[SourceQuality "1"]

1. e4 e6 2. d4 d5 3. Nc3 dxe4 4. Nxe4 Nd7 5. Bd3 Ngf6 6. Ne2 Be7 7. 0-0 0-0 8. c4 b6 9. N2c3 Bb7 10. Qc2 h6 11. Rd1 Qc8 12. b3 c5 13. Nxf6+ Bxf6 14. dxc5 Nxc5 15. Bf1 Qc6 16. Bb2 Rfd8 17. b4 Nd7 18. f3 Be5 19. Nb5 a6 20. Bxe5 Nxe5 21. Nd4 Qc7 22. Rac1 Rac8 23. Qe2 Nc6 24. Nxc6 Qxc6 25. Qe3 Rd7 26. Rxd7 Qxd7 27. Qxb6 Rc6 28. Qe3 Kh8 29. c5 Qd5 30. a4 Qa2 31. b5 axb5 32. axb5 Rc8 33. c6 Ba8 34. Qd4 Qa3 35. Ra1 e5 36. Rxa3 exd4 37. Rd3 1-0